000 00752nam a2200229 i 4500
001 79400
003 ES-MaACL
007 t|
008 041021s1980 sp ||||1| spa d
020 _a84-7092-200-9
100 1 _aHenry, Richard J.
_962605
245 1 0 _aQuímica clínica
_b: principios y técnicas /
_cRichard J. Henry, Donald C. Cannon, James W. Winkelman ; versión española por Armando Zubizarreta Chimeno.
250 _a[2ª ed.].
260 _aBarcelona :
_bJims,
_c[1980]
300 _a2 v. ;
_c25 cm.
500 _aIndice.
504 _aBibliografía.
700 1 _aZubizarreta Chimeno, Armando.
_9118417
700 1 _aCannon, Donald C.
_934519
700 1 _aWinkelmann, James W.
_9117084
852 _aES-MaACL
_jB-9420-1
_bR.114828
999 _c79400
_d79400